MARC details
| 000 -CABECERA |
| campo de control de longitud fija |
02378nam a2200265 a 4500 |
| 005 - FECHA Y HORA DE LA ÚLTIMA TRANSACCIÓN |
| campo de control |
20240208063721.0 |
| 008 - DATOS DE LONGITUD FIJA--INFORMACIÓN GENERAL |
| campo de control de longitud fija |
230906s2022 mx ao|||r|||| 000 0 spa d |
| 020 ## - NÚMERO INTERNACIONAL NORMALIZADO PARA LIBROS |
| Número Internacional Normalizado del libro |
9786077825678 |
| 040 ## - FUENTE DE CATALOGACIÓN |
| Agencia de catalogación original |
MX-MxUPN |
| Idioma de catalogación |
spa |
| Agencia que realiza la transcripción |
MX-MxUPN |
| 041 0# - |
| -- |
spa |
| 050 14 - |
| -- |
HV8738 |
| -- |
M854 2022 |
| 245 00 - MENCIÓN DE TÍTULO |
| Título |
Mujeres privadas de libertad : |
| Parte restante del título |
perspectiva de género, prácticas artísticas, jurídicas y pedagogías en resistencia |
| 250 ## - MENCIÓN DE EDICIÓN |
| Mención de edición |
Primera edición. |
| 260 ## - PUBLICACION, DISTRIBUCION, ETC. (PIE DE IMPRENTA) |
| Lugar de publicación, distribución, etc. |
Ciudad de México : |
| Nombre del editor, distribuidor, etc. |
Instituto Nacional de las Mujeres, |
| Fecha de publicación, distribución, etc. |
2022 |
| 300 ## - DESCRIPCIÓN FÍSICA |
| Extensión |
262 páginas : |
| Otros detalles físicos |
ilustraciones, fotografías |
| 505 00 - |
| -- |
Economías subterráneas: estrategias y saberes para la sobrevivencia / |
| -- |
Eréndira Yadira Cruz Cruz, Marina Sonadellas Aragues -- |
| -- |
Patrones de la melanina: color y género en el CEFERESO de Santa Martha Acatitla / |
| -- |
María del Mar Gargari Casas -- |
| -- |
Conformación de sujeto como formas de “estar” en el mundo. Des-haciendo género y haciendo comunidad contando / |
| -- |
Patricia Piñones -- |
| -- |
Justicia social y activismo feminista. La escritura como herramienta de reflexión colectiva en espacios penitenciarios / |
| -- |
Rosalva Aída Hernández Castillo -- |
| -- |
Pintar Coyolxauhqui y devenir Nepantla: estrategias artístico/pedagógicas para deshacer la cárcel / |
| -- |
Marcela Carignano -- |
| -- |
Tristes trenzas. El trabajo de las fanzineras de Santa Martha Acatitla y su respuesta a las políticas de la muerte / |
| -- |
Rían Lozano -- |
| -- |
La problemática de las mujeres involucradas en los delitos: perspectivas y reflexiones desde la impartición de justicia / |
| -- |
Juan José Olvera López -- |
| -- |
Las interpelaciones de género en el discurso de la ley penal / |
| -- |
Lucía Núñez, Lucía Raphael, Lourdes Enríquez -- |
| -- |
La Suprema Corte de Justicia de la Nación y su mecanismo de Igualdad de Género / |
| -- |
Mónica Maccise Duayhe -- |
| -- |
La Clínica de Litigio, Cultura y Género Marisela Escobedo: ¿una clínica más de enseñanza del derecho en México? / |
| -- |
Luis Alberto Muñoz, Ricardo Ortega -- |
| -- |
Desde el lado libre de la pared / |
| -- |
Natacha Lopvet. |
| 650 #4 - |
| -- |
Prisioneras |
| -- |
México |
| -- |
45782 |
| 650 #4 - |
| -- |
Incorporación de la perspectiva de género |
| -- |
México |
| -- |
50947 |
| 700 1# - |
| -- |
Belausteguigoitia, Marisa |
| -- |
48592 |
| -- |
coordinación |
| 700 1# - |
| -- |
Giacomello, Corina, |
| -- |
1980- |
| -- |
50939 |
| -- |
coordinación |
| 902 ## - ELEMENTOS DE DATOS B LOCAL, LDB (RLIN) |
| Creó |
MarisolLicea/060923 |
| Modificó |
Víctor Ruiz/060224 |
| 942 ## - ELEMENTOS DE PUNTO DE ACCESO ADICIONAL (KOHA) |
| Fuente del sistema de clasificación o colocación |
Library of Congress Classification |
| Tipo de ítem Koha |
Libro |